<?xml version="1.0" encoding="UTF-8"?>
<record
    xmlns:xsi="http://www.w3.org/2001/XMLSchema-instance"
    xsi:schemaLocation="http://www.loc.gov/MARC21/slim http://www.loc.gov/standards/marcxml/schema/MARC21slim.xsd"
    xmlns="http://www.loc.gov/MARC21/slim">

  <leader>00510nam a22002057a 4500</leader>
  <controlfield tag="003">OSt</controlfield>
  <controlfield tag="005">20251210133430.0</controlfield>
  <controlfield tag="008">210305b           ||||| |||| 00| 0 eng d</controlfield>
  <datafield tag="020" ind1=" " ind2=" ">
    <subfield code="a">9789389802245</subfield>
  </datafield>
  <datafield tag="082" ind1=" " ind2=" ">
    <subfield code="a">519.23</subfield>
    <subfield code="b">M46S</subfield>
  </datafield>
  <datafield tag="100" ind1=" " ind2=" ">
    <subfield code="a">Medhi, J</subfield>
  </datafield>
  <datafield tag="245" ind1=" " ind2=" ">
    <subfield code="a">Stochastic processes </subfield>
    <subfield code="c">by J Medhi</subfield>
  </datafield>
  <datafield tag="250" ind1=" " ind2=" ">
    <subfield code="a">5th ed.</subfield>
  </datafield>
  <datafield tag="260" ind1=" " ind2=" ">
    <subfield code="a">Bangalore:</subfield>
    <subfield code="b">New Age International,</subfield>
    <subfield code="c">2020</subfield>
  </datafield>
  <datafield tag="300" ind1=" " ind2=" ">
    <subfield code="a">xix, 508p.</subfield>
  </datafield>
  <datafield tag="546" ind1=" " ind2=" ">
    <subfield code="a">English</subfield>
  </datafield>
  <datafield tag="650" ind1=" " ind2=" ">
    <subfield code="a">Stochastic processes</subfield>
  </datafield>
  <datafield tag="650" ind1=" " ind2=" ">
    <subfield code="a">Probabilities</subfield>
  </datafield>
  <datafield tag="942" ind1=" " ind2=" ">
    <subfield code="2">ddc</subfield>
    <subfield code="c">BK</subfield>
  </datafield>
  <datafield tag="999" ind1=" " ind2=" ">
    <subfield code="c">24120</subfield>
    <subfield code="d">24120</subfield>
  </datafield>
  <datafield tag="952" ind1=" " ind2=" ">
    <subfield code="0">0</subfield>
    <subfield code="1">0</subfield>
    <subfield code="2">ddc</subfield>
    <subfield code="4">0</subfield>
    <subfield code="7">0</subfield>
    <subfield code="8">TXB</subfield>
    <subfield code="a">CURAJ</subfield>
    <subfield code="b">CURAJ</subfield>
    <subfield code="c">STT</subfield>
    <subfield code="d">2021-03-05</subfield>
    <subfield code="e">Indica Publisher </subfield>
    <subfield code="g">499.00</subfield>
    <subfield code="i">2020-21/0943/29-01-2021</subfield>
    <subfield code="l">14</subfield>
    <subfield code="o">519.23 M46S</subfield>
    <subfield code="p">35317</subfield>
    <subfield code="r">2026-06-01</subfield>
    <subfield code="s">2026-05-18</subfield>
    <subfield code="w">2021-03-05</subfield>
    <subfield code="y">BK</subfield>
  </datafield>
  <datafield tag="952" ind1=" " ind2=" ">
    <subfield code="0">0</subfield>
    <subfield code="1">0</subfield>
    <subfield code="2">ddc</subfield>
    <subfield code="4">0</subfield>
    <subfield code="7">0</subfield>
    <subfield code="8">TXB</subfield>
    <subfield code="a">CURAJ</subfield>
    <subfield code="b">CURAJ</subfield>
    <subfield code="c">STT</subfield>
    <subfield code="d">2021-03-05</subfield>
    <subfield code="e">Indica Publisher </subfield>
    <subfield code="g">499.00</subfield>
    <subfield code="i">2020-21/0943/29-01-2021</subfield>
    <subfield code="l">12</subfield>
    <subfield code="o">519.23 M46S</subfield>
    <subfield code="p">35318</subfield>
    <subfield code="r">2026-02-26</subfield>
    <subfield code="s">2026-02-11</subfield>
    <subfield code="w">2021-03-05</subfield>
    <subfield code="y">BK</subfield>
  </datafield>
  <datafield tag="952" ind1=" " ind2=" ">
    <subfield code="0">0</subfield>
    <subfield code="1">0</subfield>
    <subfield code="2">ddc</subfield>
    <subfield code="4">0</subfield>
    <subfield code="7">0</subfield>
    <subfield code="8">TXB</subfield>
    <subfield code="a">CURAJ</subfield>
    <subfield code="b">CURAJ</subfield>
    <subfield code="c">STT</subfield>
    <subfield code="d">2021-03-05</subfield>
    <subfield code="e">Indica Publisher </subfield>
    <subfield code="g">499.00</subfield>
    <subfield code="i">2020-21/0943/29-01-2021</subfield>
    <subfield code="l">11</subfield>
    <subfield code="o">519.23 M46S</subfield>
    <subfield code="p">35319</subfield>
    <subfield code="r">2026-06-01</subfield>
    <subfield code="s">2026-05-07</subfield>
    <subfield code="w">2021-03-05</subfield>
    <subfield code="y">BK</subfield>
  </datafield>
  <datafield tag="952" ind1=" " ind2=" ">
    <subfield code="0">0</subfield>
    <subfield code="1">0</subfield>
    <subfield code="2">ddc</subfield>
    <subfield code="4">0</subfield>
    <subfield code="7">0</subfield>
    <subfield code="8">TXB</subfield>
    <subfield code="a">CURAJ</subfield>
    <subfield code="b">CURAJ</subfield>
    <subfield code="c">STT</subfield>
    <subfield code="d">2021-03-05</subfield>
    <subfield code="e">Indica Publisher </subfield>
    <subfield code="g">499.00</subfield>
    <subfield code="i">2020-21/0943/29-01-2021</subfield>
    <subfield code="o">519.23 M46S</subfield>
    <subfield code="p">35321</subfield>
    <subfield code="r">2021-03-05</subfield>
    <subfield code="w">2021-03-05</subfield>
    <subfield code="y">BK</subfield>
  </datafield>
  <datafield tag="952" ind1=" " ind2=" ">
    <subfield code="0">0</subfield>
    <subfield code="1">0</subfield>
    <subfield code="2">ddc</subfield>
    <subfield code="4">0</subfield>
    <subfield code="7">0</subfield>
    <subfield code="8">TXB</subfield>
    <subfield code="a">CURAJ</subfield>
    <subfield code="b">CURAJ</subfield>
    <subfield code="c">STT</subfield>
    <subfield code="d">2021-03-05</subfield>
    <subfield code="e">Indica Publisher </subfield>
    <subfield code="g">499.00</subfield>
    <subfield code="i">2020-21/0943/29-01-2021</subfield>
    <subfield code="l">7</subfield>
    <subfield code="o">519.23 M46S</subfield>
    <subfield code="p">35322</subfield>
    <subfield code="r">2026-06-03</subfield>
    <subfield code="s">2026-05-05</subfield>
    <subfield code="w">2021-03-05</subfield>
    <subfield code="y">BK</subfield>
  </datafield>
  <datafield tag="952" ind1=" " ind2=" ">
    <subfield code="0">0</subfield>
    <subfield code="1">0</subfield>
    <subfield code="2">ddc</subfield>
    <subfield code="4">0</subfield>
    <subfield code="7">0</subfield>
    <subfield code="8">TXB</subfield>
    <subfield code="a">CURAJ</subfield>
    <subfield code="b">CURAJ</subfield>
    <subfield code="c">STT</subfield>
    <subfield code="d">2021-03-05</subfield>
    <subfield code="e">Indica Publisher </subfield>
    <subfield code="g">499.00</subfield>
    <subfield code="i">2020-21/0943/29-01-2021</subfield>
    <subfield code="l">10</subfield>
    <subfield code="o">519.23 M46S</subfield>
    <subfield code="p">35323</subfield>
    <subfield code="r">2026-06-03</subfield>
    <subfield code="s">2026-05-20</subfield>
    <subfield code="w">2021-03-05</subfield>
    <subfield code="y">BK</subfield>
  </datafield>
  <datafield tag="952" ind1=" " ind2=" ">
    <subfield code="0">0</subfield>
    <subfield code="1">0</subfield>
    <subfield code="2">ddc</subfield>
    <subfield code="4">0</subfield>
    <subfield code="7">0</subfield>
    <subfield code="8">TXB</subfield>
    <subfield code="a">CURAJ</subfield>
    <subfield code="b">CURAJ</subfield>
    <subfield code="c">STT</subfield>
    <subfield code="d">2021-03-05</subfield>
    <subfield code="e">Indica Publisher </subfield>
    <subfield code="g">499.00</subfield>
    <subfield code="i">2020-21/0943/29-01-2021</subfield>
    <subfield code="l">14</subfield>
    <subfield code="o">519.23 M46S</subfield>
    <subfield code="p">35324</subfield>
    <subfield code="r">2026-06-01</subfield>
    <subfield code="s">2026-05-18</subfield>
    <subfield code="w">2021-03-05</subfield>
    <subfield code="y">BK</subfield>
  </datafield>
  <datafield tag="952" ind1=" " ind2=" ">
    <subfield code="0">0</subfield>
    <subfield code="1">0</subfield>
    <subfield code="2">ddc</subfield>
    <subfield code="4">0</subfield>
    <subfield code="7">0</subfield>
    <subfield code="8">TXB</subfield>
    <subfield code="a">CURAJ</subfield>
    <subfield code="b">CURAJ</subfield>
    <subfield code="c">STT</subfield>
    <subfield code="d">2021-03-05</subfield>
    <subfield code="e">Indica Publisher </subfield>
    <subfield code="g">499.00</subfield>
    <subfield code="i">2020-21/0943/29-01-2021</subfield>
    <subfield code="l">14</subfield>
    <subfield code="o">519.23 M46S</subfield>
    <subfield code="p">35325</subfield>
    <subfield code="r">2026-06-03</subfield>
    <subfield code="s">2026-04-24</subfield>
    <subfield code="w">2021-03-05</subfield>
    <subfield code="y">BK</subfield>
  </datafield>
  <datafield tag="952" ind1=" " ind2=" ">
    <subfield code="0">0</subfield>
    <subfield code="1">0</subfield>
    <subfield code="2">ddc</subfield>
    <subfield code="4">0</subfield>
    <subfield code="7">0</subfield>
    <subfield code="8">TXB</subfield>
    <subfield code="a">CURAJ</subfield>
    <subfield code="b">CURAJ</subfield>
    <subfield code="c">STT</subfield>
    <subfield code="d">2021-03-05</subfield>
    <subfield code="e">Indica Publisher </subfield>
    <subfield code="g">499.00</subfield>
    <subfield code="i">2020-21/0943/29-01-2021</subfield>
    <subfield code="l">20</subfield>
    <subfield code="o">519.23 M46S</subfield>
    <subfield code="p">35326</subfield>
    <subfield code="r">2026-06-01</subfield>
    <subfield code="s">2026-05-18</subfield>
    <subfield code="w">2021-03-05</subfield>
    <subfield code="y">BK</subfield>
  </datafield>
  <datafield tag="952" ind1=" " ind2=" ">
    <subfield code="0">0</subfield>
    <subfield code="1">0</subfield>
    <subfield code="2">ddc</subfield>
    <subfield code="4">0</subfield>
    <subfield code="7">0</subfield>
    <subfield code="8">TXB</subfield>
    <subfield code="a">CURAJ</subfield>
    <subfield code="b">CURAJ</subfield>
    <subfield code="c">STT</subfield>
    <subfield code="d">2021-03-05</subfield>
    <subfield code="e">Indica Publisher </subfield>
    <subfield code="g">499.00</subfield>
    <subfield code="i">2020-21/0943/29-01-2021</subfield>
    <subfield code="l">16</subfield>
    <subfield code="o">519.23 M46S</subfield>
    <subfield code="p">35320</subfield>
    <subfield code="r">2026-06-05</subfield>
    <subfield code="s">2026-05-20</subfield>
    <subfield code="w">2021-03-05</subfield>
    <subfield code="y">BK</subfield>
  </datafield>
</record>
